The circuits and filters handbook / (Record no. 175680)
[ view plain ]
| 000 -LEADER | |
|---|---|
| fixed length control field | 01139 a2200193 4500 |
| 003 - CONTROL NUMBER IDENTIFIER | |
| control field | Nust |
| 005 - DATE AND TIME OF LATEST TRANSACTION | |
| control field | 20220815151111.0 |
| 010 ## - LIBRARY OF CONGRESS CONTROL NUMBER | |
| LC control number | 95007037 |
| 020 ## - INTERNATIONAL STANDARD BOOK NUMBER | |
| International Standard Book Number | 0849383412 (acid-free paper) |
| 040 ## - CATALOGING SOURCE | |
| Transcribing agency | Nust |
| 082 00 - DEWEY DECIMAL CLASSIFICATION NUMBER | |
| Classification number | 621.3815,CIR |
| 245 04 - TITLE STATEMENT | |
| Title | The circuits and filters handbook / |
| Statement of responsibility, etc. | editor-in-chief, Wai-Kai Chen. |
| 260 ## - PUBLICATION, DISTRIBUTION, ETC. | |
| Place of publication, distribution, etc. | Boca Raton, Fla. : |
| Name of publisher, distributor, etc. | CRC Press ; |
| Place of publication, distribution, etc. | [New York] : |
| Name of publisher, distributor, etc. | IEEE Press, |
| Date of publication, distribution, etc. | 1995. |
| 300 ## - PHYSICAL DESCRIPTION | |
| Extent | xviii, 2861 p. : |
| Other physical details | ill. ; |
| Dimensions | 27 cm. |
| 505 ## - FORMATTED CONTENTS NOTE | |
| Formatted contents note | Mathematics (Page-1), Circuits Components and Their Characterization (Page-261), General Circuits Theory (Page-401), Linear Circuit Analysis (Page-597), Feedback Circuits (Page-799), Nonlinear Circuits (Page-901), Nonlinear Circuits ii (Page-1009), Distributed Circuits (Page-1165), Stability Analysis (Page-1245),Computer Aided Design and optimization (Page-1373), Analog Integrated circuits (Page-1489), Digital and analog VLSI (Page-1781),Filter Characteristics (Page-2129), Passive Filters (Page-2239), Active Filters (Page-2337), Digital Filters (Page-2523). |
| 650 #0 - SUBJECT ADDED ENTRY--TOPICAL TERM | |
| Topical term or geographic name entry element | Telecommunication Engineering. |
| 700 1# - ADDED ENTRY--PERSONAL NAME | |
| Personal name | Chen, Wai-Kai, |
| Dates associated with a name | 1936- |
| 9 (RLIN) | 97232 |
| 942 ## - ADDED ENTRY ELEMENTS (KOHA) | |
| Koha item type | Reference |
| Source of classification or shelving scheme | |
| Withdrawn status | Lost status | Source of classification or shelving scheme | Damaged status | Not for loan | Permanent Location | Current Location | Shelving location | Date acquired | Full call number | Barcode | Date last seen | Price effective from | Koha item type | Public note |
|---|---|---|---|---|---|---|---|---|---|---|---|---|---|---|
| Military College of Signals (MCS) | Military College of Signals (MCS) | Reference | 12/12/2016 | 621.3815,CIR | MCS5587 | 12/08/2016 | 12/12/2016 | Reference | Almirah No.21, Shelf No.4 |
